000 00602nai a2200181Ia 4500
003 IN-BaIIA
008 211028c9999 xx s 000 0 eng d
022 _a1063-4541 (Print)
022 _a1934-7855 (Online)
040 _cIIA Library
245 0 _aVestnik St. Petersburg University: Mathematics
_h[eJournal]
260 _aNew York, USA
_bPleiades Publishing
310 _aQuarterly
362 _a40(1); 2007 - Present
521 _bSubscribed through National Knowledge Resource Consortium (NKRC)
856 _uhttps://www.springer.com/journal/11988
_yClick Here to Access eJournal
942 _cEJ
999 _c35855
_d35855